Synonyme Filmtitel - Statistiken

Allgemein
  • Dieses Quiz wurde 1.758 mal gespielt
  • Das Durchschnittsergebnis liegt bei 9 aus 16
Antwortstatistiken
Synonyme Film % Korrekt
Die Hübsche und das Ungeheuer Die Schöne und das Biest
99%
Susanne und Streuner Susi und Strolch
84%
Der Monarch der Großkatzen Der König der Löwen
82%
Die Urwaldlektüre Das Dschungelbuch
81%
Der Taufzeuge Der Pate
74%
Konflikt der Himmelslichter Krieg der Sterne
74%
Scheide gemächlich dahin Stirb langsam
70%
Der Halbling Der Hobbit
63%
Ego - singulär perfekt Ich - Einfach Unverbesserlich
62%
Imaginäre Animalia und wo man sie aufspürt Phantastische Tierwesen und wo sie zu finden sind
58%
Umgekehrt in das Morgen Zurück in die Zukunft
57%
Adelheid im Mysteriumsstaat Alice im Wunderland
39%
Einbildung und Ressentiment Stolz und Vorurteil
35%
Verwünschung des Urlaubsziels Fluch der Karibik
23%
Der Mann der Tori Der Herr der Ringe
21%
Stellvertreter - Start zur Dosenöffnerin Avatar - Aufbruch nach Pandora
6%
Keine übereinstimmenden Quizze gefunden
Verteilung der Resultate
Anzahl Personen mit jedem Resultat
Perzentil nach korrekt beantworteten Fragen
Ihre Resultats-Entwicklung
Sie haben dieses Quiz noch nicht gespielt